Sporda Hedefler ve Politikalar (1923-1993) (Record no. 7644)

MARC details
000 -BAŞLIK
Sabit Uzunlukta Kontrol Alanı 00745na a2200253 4500
001 - KONTROL NUMARASI
Denetim Alanı 18712
003 - KONTROL NUMARASI IDENTIFIER
Denetim Alanı MIRAKIL
005 - SON İŞLEM TARİHİ VE ZAMANI
Denetim Alanı 20181213155145.0
008 - SABİT-BOY VERİ ELEMANLARI - GENEL BİLGİLER
Sabit Uzunlukta Kontrol Alanı 161124b tu 000 0
020 ## - ULUSLARARASI STANDART KİTAP NUMARASI
Uluslararası Standart Kitap Numarası 9751908019
035 ## - SİSTEM KONTROL NUMARASI
Sistem Kontrol Numarası 18712
040 ## - KATALOGLAMA KAYNAK
Orijinal Kataloglama Ajansı Milas
Kataloglama Dili tur
Metne Dönüştürmek Ajansı TR-AnCHP
041 ## - DİL KODU
Metin / Ses Parça Veya Ayrı Başlığın Dil Kodu tur
082 ## - DEWEY ONLU SINIFLANDIRMA NUMARASI
Sınıflandırma Numarası 354.561858
Ürün Numarası A12s 1993
090 ## - SINIFLAMA NUMARASI
Sınıflama Numarası 354.561858 A12s 1993
100 ## - ANA GİRİŞ - KİŞİSEL İSİM
Kişisel Ad Acar, Muhittin
245 ## - BAŞLIK TABLOSU
Başlık Sporda Hedefler ve Politikalar (1923-1993)
Sorumluluk Tablosu, Vb Muhittin Acar
260 ## - YAYIN, DAĞITIM, VB
Yayın, Dağıtım, Vb Yeri Ankara
Yayıncı, Dağıtıcı, Vs Adı Devlet Planlama Teşkilatı
Yayın, Dağıtım, Vb Tarihi 1993
300 ## - FİZİKSEL TANIM
Kapsam 51 s.
Boyutlar 22 sm
504 ## - KAYNAKÇA VB NOT
Kaynakça Vb Notu Kaynakça var.
610 ## - KONU KATMA GİRİŞ - TOPLANTI ADI
Giriş Elemanı Olarak Kurumsal Ad Veya Yargı Alanı Adı Devlet Planlama Teşkilatı (DPT)
Alt Birim Sosyal Planlama Genel Müdürlüğü
651 ## - KONU KATMA GİRİŞ - COĞRAFİ ADI
Coğrafi İsim Türkiye
Genel Alt Bölümü spor
Kronolojik Alt Bölümü Hedef ve politikalar
942 ## - EKLENDİ GİRİŞ ELEMANLARI (KOHA)
Sınıflandırma Veya Raf Düzeni Kaynak Dewey Decimal Classification
Koha Öğesi Türü Books
999 ## - SİSTEM KONTROL NUMARALARI (KOHA)
Koha Biblionumber 7644
Koha Biblioitemnumber 7644
Holdings
Kalıcı Konum Mevcut Konum Edinme Tarihi Edinim Kaynak Toplam Check-Out'Lar Tam Çağrı Numarası Barkod Tarih Son Görülme İtibaren Geçerli Fiyatlar Koha Öğesi Türü
CHP Kütüphanesi CHP Kütüphanesi 11/24/2016 Bağış   354.561858 A12s 1993 009967 11/24/2016 11/24/2016 Books